000 00328nam a22001337a 4500
005 20250923130845.0
008 250923b |||||||| |||| 00| 0 eng d
050 _aPQ3989
_b.2 FAL
100 _aFALL AMINATA SOW
245 _aLA GREVE DES BATTU;
_bOU LES DECHETS HUMAINS
260 _c2001
300 _a182p
942 _2lcc
_cBK
_n0
999 _c7644
_d7644